[Event "Schachfestival Open-A 2018"]
[Site "Lueneburg"]
[Date "2018.07.06"]
[Round "1"]
[White "Bajorski, Leszek"]
[Black "Vorobiov, Evgeny E"]
[Result "0-1"]
[WhiteElo "1944"]
[BlackElo "2564"]
[Annotator "TA"]
[PlyCount "53"]
[EventDate "2018.07.06"]
[EventType "swiss"]
[EventCountry "GER"]
[SourceTitle "playchess.com"]
[Source "ChessBase"]
[SourceQuality "1"]

{[%evp 11,53,30,41,21,36,36,35,35,45,34,35,39,35,5,47,14,18,4,22,15,11,4,18,0,0,0,0,0,0,-18,-17,-171,-158,-219,-200,-282,-165,-310,-327,-445,-450,-434,-413,-29994]} 1. e4 c5 2. Nf3 e6 3. d4 cxd4 4. Nxd4 Nc6 5. Nc3 Qc7 6. g3 a6 {LiveBook: 3101 Partien} 7. Nxc6 {B47: Sizilianisch (Paulsen/Taimanow-Variante)} (7. Nb3 {with more complications.} Be7 8. Bg2 Nf6 9. O-O O-O 10. Qe2) (7. Bg2 Nf6 8. O-O Be7 9. Re1 O-O 10. Nxc6 dxc6 11. e5 Rd8 12. Qe2 Nd5 {½-½ (12) Mamedov,R (2708)-Andreikin,D (2702) Minsk 2018}) 7... bxc6 8. Bg2 Nf6 9. O-O {Weiß steht etwas besser.} Be7 10. Na4 d5 11. exd5 cxd5 12. c4 Bb7 13. Re1 $146 ({Vorgänger:} 13. Qb3 Rb8 14. Qb6 Qxc4 15. Bf4 Nd7 16. Qa7 Rd8 17. Qxb7 Qxa4 {½-½ (45) Martinez,J (1556)-Titichoca Daza,D (1978) Montevideo 2017}) 13... Rd8 14. Qb3 O-O 15. Bf4 Bd6 $1 {[%cal Rd6f4]} 16. Bg5 Rb8 {[%cal Bd8b8,Bb8b7,Bb7b4][%mdl 32]} 17. Bxf6 {[#] Droht c5 und aus.} dxc4 18. Qd1 {Lxb7 ist eine echte Drohung.} gxf6 {[%cal Bg7f6,Bf6f5,Bf5g4][%mdl 32]} 19. Bxb7 $1 Rxb7 20. Re4 f5 $36 {[%mdl 2048] Schwarz hat gut koordiniertes Spiel.} 21. Rh4 $2 {[#]} (21. Qc1 $1 $11) 21... Be7 $19 22. Rh3 (22. Rf4 $17 {war einen Versuch wert.}) 22... Qe5 23. g4 (23. Qh5 {kämpft weiter.} Qg7 24. a3) 23... Kh8 (23... Rd8 $142 24. Qe1 Qxe1+ 25. Rxe1 fxg4) 24. Qf3 (24. gxf5 {war angesagt.} Qxf5 25. Qf3) 24... Rb4 25. Nc3 fxg4 26. Qe3 Qxe3 27. Nb1 {Precision: Weiß = 25%, Schwarz = 79%.} (27. Rxe3 $19 Rxb2 28. Re4) 0-1

[Event "Schachfestival Open-A 2018"]
[Site "Lueneburg"]
[Date "2018.07.06"]
[Round "1"]
[White "Serreck, Uwe"]
[Black "Sebastian, Dirk"]
[Result "0-1"]
[WhiteElo "1921"]
[BlackElo "2447"]
[Annotator "ChessBase"]
[PlyCount "62"]
[EventDate "2018.07.06"]
[EventType "swiss"]
[EventCountry "GER"]
[SourceTitle "playchess.com"]
[Source "ChessBase"]
[SourceQuality "1"]
[TimeControl "40/5400+30:1800+30"]

1. e4 {[%emt 0:00:00]} g6 {[%emt 0:00:00]} 2. d4 {[%emt 0:00:00]} Bg7 {[%emt 0:00:00]} 3. Nc3 {[%emt 0:00:00]} c6 {[%emt 0:00:50]} 4. Nf3 {[%emt 0:03:06]} d6 {[%emt 0:00:24]} 5. h3 {[%emt 0:00:28]} Nf6 {[%emt 0:00:25]} 6. Bd3 {[%emt 0:03:46]} O-O {[%emt 0:00:51]} 7. O-O {[%emt 0:00:06]} Nbd7 {[%emt 0:05:05]} 8. Re1 {[%emt 0:19:29]} e5 {[%emt 0:00:20]} 9. Be3 {[%emt 0:01:28]} Qe7 {[%emt 0:03:23]} 10. a4 {[%emt 0:02:09]} Re8 {[%emt 0:04:22]} 11. dxe5 {[%emt 0:03:34]} dxe5 {[%emt 0:00:06]} 12. Qd2 {[%emt 0:16:56]} Nc5 {[%emt 0:03:02]} 13. Rad1 {[%emt 0:03:47]} b6 {[%emt 0:17:55]} 14. Bg5 {[%emt 0:13:19]} Bb7 {[%emt 0:12:46]} 15. Bc4 Red8 {[%emt 0:04:50]} 16. Qe2 {[%emt 0:09:43]} a6 {[%emt 0:05:30]} 17. Rxd8+ {[%emt 0:06:30]} Rxd8 {[%emt 0:00:27]} 18. Rd1 {[%emt 0:00:47]} Rxd1+ {[%emt 0:02:03]} 19. Qxd1 {[%emt 0:00:01]} b5 {[%emt 0:01:09]} 20. axb5 {[%emt 0:03:17]} axb5 {[%emt 0:00:09]} 21. Bd3 {[%emt 0:01:33]} h6 {[%emt 0:01:34]} 22. Bxf6 {[%emt 0:00:16]} Bxf6 {[%emt 0:01:55]} 23. Qd2 {[%emt 0:03:52]} Kg7 {[%emt 0:00:18]} 24. Na2 {[%emt 0:04:09]} Ne6 {[%emt 0:06:36]} 25. Qe1 {[%emt 0:02:20]} Qd6 {[%emt 0:04:23]} 26. b4 {[%emt 0:01:08]} Bc8 {[%emt 0:01:06]} 27. Qe3 {[%emt 0:00:29]} Nf4 {[%emt 0:01:24]} 28. Ne1 {[%emt 0:00:27]} Be6 {[%emt 0:00:49]} 29. Nc1 {[%emt 0:01:00]} Qxb4 {[%emt 0:00:42]} 30. Nb3 {[%emt 0:00:24]} Bg5 {[%emt 0:01:50]} 31. Qc5 {[%emt 0:00:23]} Qxe1+ {[%emt 0:00:08]} 0-1

[Event "Schachfestival Open-A 2018"]
[Site "Lueneburg"]
[Date "2018.07.06"]
[Round "1"]
[White "Doederlein, Etienne"]
[Black "Sriram, Jha"]
[Result "0-1"]
[WhiteElo "1897"]
[BlackElo "2409"]
[Annotator "ChessBase"]
[PlyCount "52"]
[EventDate "2018.07.06"]
[EventType "swiss"]
[EventCountry "GER"]
[SourceTitle "playchess.com"]
[Source "ChessBase"]
[SourceQuality "1"]
[TimeControl "40/5400+30:1800+30"]

1. d4 {[%emt 0:00:00]} Nf6 {[%emt 0:00:01]} 2. Nf3 {[%emt 0:00:00]} c5 {[%emt 0:00:21]} 3. e3 {[%emt 0:00:03]} g6 {[%emt 0:00:33]} 4. b3 {[%emt 0:00:37]} Bg7 {[%emt 0:00:17]} 5. Bb2 {[%emt 0:00:23]} O-O {[%emt 0:01:08]} 6. Be2 {[%emt 0:00:43]} b6 {[%emt 0:02:44]} 7. Nbd2 {[%emt 0:00:54]} Bb7 {[%emt 0:00:34]} 8. c4 {[%emt 0:00:51]} cxd4 {[%emt 0:09:58]} 9. Bxd4 {[%emt 0:01:39]} Nc6 {[%emt 0:00:46]} 10. Bb2 {[%emt 0:00:12]} Qc7 {[%emt 0:01:39]} 11. O-O {[%emt 0:00:13]} Rfd8 {[%emt 0:05:12]} 12. a3 {[%emt 0:02:09]} Rac8 {[%emt 0:00:19]} 13. Qc2 {[%emt 0:03:12]} d5 {[%emt 0:04:13]} 14. cxd5 {[%emt 0:00:17]} Nd4 {[%emt 0:00:52]} 15. Nxd4 {[%emt 0:03:29]} Qxc2 {[%emt 0:00:38]} 16. Nxc2 {[%emt 0:00:02]} Rxc2 {[%emt 0:00:03]} 17. Bxf6 {[%emt 0:01:10]} Bxf6 {[%emt 0:04:28]} 18. Rad1 {[%emt 0:00:14]} Bxd5 {[%emt 0:01:35]} 19. Bf3 {[%emt 0:02:01]} Be6 {[%emt 0:04:56]} 20. Ne4 {[%emt 0:03:33]} Rxd1 {[%emt 0:01:58]} 21. Nxf6+ {[%emt 0:00:08]} exf6 {[%emt 0:00:14]} 22. Bxd1 {[%emt 0:00:22]} Ra2 {[%emt 0:00:43]} 23. a4 {[%emt 0:00:49]} Rb2 {[%emt 0:00:06]} 24. Bf3 {[%emt 0:02:23]} Bxb3 {[%emt 0:00:28]} 25. Bc6 {[%emt 0:00:08]} Rc2 {[%emt 0:03:03]} 26. Bb5 {[%emt 0:00:14]} Ra2 {[%emt 0:00:08]} 0-1

[Event "Schachfestival Open-A 2018"]
[Site "Lueneburg"]
[Date "2018.07.06"]
[Round "1"]
[White "Eickhoff, Hermann"]
[Black "Hess, Mathias Christian"]
[Result "0-1"]
[WhiteElo "1867"]
[BlackElo "2243"]
[Annotator "NA"]
[PlyCount "66"]
[EventDate "2018.07.06"]
[EventType "swiss"]
[EventCountry "GER"]
[SourceTitle "playchess.com"]
[Source "ChessBase"]
[SourceQuality "1"]
[TimeControl "40/5400+30:1800+30"]

{[%evp 16,65,-8,32767,-3,-20,32767,32767,32767,32767,32767,-24,-4,32767,32767,-26,-12,-29,0,32767,32767,-15,32767,-122,-125,-282,-282,32767,32767,32767,-253,-270,-283,-278,32767,-285,32767,32767,-363,-391,-418,32767,32767,-458,-470,-462,-472,-483,-535,-529,-570,-521]} 1. e4 {[%emt 0:00:00]} c5 {[%emt 0:00:00]} 2. Nf3 {[%emt 0:00:00]} e6 {[%emt 0:00:11]} 3. d4 {[%emt 0:00:27]} cxd4 {[%emt 0:00:06]} 4. Nxd4 {[%emt 0:00:18]} Nc6 {[%emt 0:00:37]} 5. Be3 {[%emt 0:02:12]} Nf6 {[%emt 0:02:23]} 6. Bd3 {[%emt 0:03:15]} d5 {[%emt 0:05:14]} 7. exd5 {[%emt 0:03:15]} Nxd5 {[%emt 0:04:06] B44: Sicilian: Taimanov: 5 Nb5} 8. O-O {[%emt 0:08:16]} (8. Nxc6 bxc6 9. Bd2 Bd6 10. Nc3 O-O 11. Ne4 Bc7 12. O-O f5 13. Ng5 e5 14. c4 Nb6 15. Be2 h6 16. Nf3 e4 17. Ne1 {0-1 (56) Ponomarenko,A (2240)-Alekseev,E (2636) Sochi 2016}) 8... Bd6 {[%emt 0:21:47]} ({Better is} 8... Nxe3 $17 9. fxe3 Nxd4 10. exd4 Qxd4+ 11. Kh1 Qxb2) 9. Nxc6 {[%emt 0:06:37]} bxc6 {[%emt 0:01:14]} 10. Qh5 {[%emt 0:02:00]} g6 {[%emt 0:07:29]} 11. Qf3 $146 {[%emt 0:04:00]} ({Predecessor:} 11. Qh6 Bf8 12. Qg5 Nxe3 13. Qxe3 Bg7 14. c3 Qb6 15. Qe2 O-O 16. Na3 Rd8 17. Rfd1 {½-½ (68) Svatos,J (2370)-Borulya,E (2230) Karvina 1992}) 11... Qc7 {[%emt 0:06:36]} 12. g3 {[%emt 0:05:53]} Nxe3 {[%emt 0:04:22]} 13. Qxe3 {[%emt 0:02:53]} O-O {[%emt 0:02:03]} 14. Nd2 {[%emt 0:01:06]} Be5 {[%emt 0:05:49]} 15. Nc4 {[%emt 0:01:10]} Bg7 {[%emt 0:00:15]} 16. Rad1 {[%emt 0:04:05]} Bb7 {[%emt 0:04:47]} 17. Qc5 {[%emt 0:02:39]} Rfd8 {[%emt 0:02:40]} 18. Be4 {[%emt 0:02:39]} Ba6 {[%emt 0:04:52]} 19. c3 {[%emt 0:08:15]} (19. b3 $11 {keeps the balance.}) 19... Bf8 {[%emt 0:03:43]} 20. Qxc6 $2 {[%emt 0:04:09]} (20. Qe5 $17 {war angesagt.} Qxe5 21. Nxe5 Bxf1 22. Rxf1) 20... Qxc6 {[%emt 0:01:03]} 21. Bxc6 {[%emt 0:00:03]} Bxc4 {[%emt 0:00:37]} 22. Bxa8 Rxa8 23. Rfe1 {[%emt 0:01:24]} Bxa2 {[%emt 0:02:40]} 24. Rd4 {[%emt 0:02:18]} Bc5 {[%emt 0:03:43]} 25. Rd7 {[%emt 0:00:57]} Bd5 {[%emt 0:01:50]} 26. b4 {[%emt 0:00:30]} Bb6 {[%emt 0:00:15]} 27. Rc1 {[%emt 0:01:14]} Rc8 {[%emt 0:01:15]} 28. Kf1 {[%emt 0:01:25]} Rc4 {[%emt 0:00:25]} 29. Ke2 {[%emt 0:01:17]} Kf8 {[%emt 0:00:24]} 30. f3 Ke8 31. Rd6 {[%emt 0:02:40]} Ke7 {[%emt 0:00:38]} 32. Rxd5 {[%emt 0:01:14]} exd5 {[%emt 0:00:12]} 33. Kd3 $19 {[%emt 0:00:26]} Rc6 {[%emt 0:00:57] Kd4} 0-1

[Event "Schachfestival Open-A 2018"]
[Site "Lueneburg"]
[Date "2018.07.06"]
[Round "1"]
[White "Kollhoff, Josef"]
[Black "Bente, Bjoern"]
[Result "0-1"]
[WhiteElo "1853"]
[BlackElo "2219"]
[Annotator "NA"]
[PlyCount "96"]
[EventDate "2018.07.06"]
[EventType "swiss"]
[EventCountry "GER"]
[SourceTitle "playchess.com"]
[Source "ChessBase"]
[SourceQuality "1"]
[TimeControl "40/5400+30:1800+30"]

{[%evp 9,89,6,32767,32767,32767,32767,32767,32767,32767,-14,-12,-11,0,-12,32767,32767,0,4,0,32767,32767,32767,32767,-25,0,-10,27,0,7,-5,-8,0,24,-12,32767,32767,32767,-41,-38,-39,-38,-45,32767,32767,-28,-29,32767,32767,-17,-37,-27,-32,-23,32767,32767,-33,32767,32767,32767,32767,-41,-99,-101,-154,-170,-179,-163,-196,-210,-394,-305,-364,-448,-910,-1139,-1019,-742,-578,-852,-992,-1257,-1726]} 1. d4 {[%emt 0:00:15]} e6 {[%emt 0:01:45]} 2. Nf3 {[%emt 0:00:34]} Nf6 {[%emt 0:00:09]} 3. e3 {[%emt 0:02:55]} b6 {[%emt 0:02:03]} 4. Bd3 {[%emt 0:01:15]} Bb7 {[%emt 0:00:58]} 5. c4 {[%emt 0:02:36]} c5 {[%emt 0:02:46]} 6. O-O {[%emt 0:00:40]} Be7 {[%emt 0:01:26]} 7. Nc3 {[%emt 0:00:13]} O-O {[%emt 0:00:07]} 8. Re1 {[%emt 0:08:09]} d5 {[%emt 0:01:56]} 9. b3 {[%emt 0:13:14]} Nc6 {[%emt 0:01:41]} 10. Bb2 {[%emt 0:01:48]} cxd4 {[%emt 0:05:25]} 11. exd4 {[%emt 0:01:04] LiveBook: 25 Games} Rc8 {[%emt 0:03:22] E14: Queen's Indian: Classical Variation (4 e3)} (11... Nb4 12. Be2 Rc8 13. Ne5 dxc4 14. bxc4 Ne4 15. Nxe4 Bxe4 16. Bg4 Bc2 17. Qf3 f5 18. Bh5 Ba4 19. d5 exd5 {0-1 (66) Ostovic,M (2352)-Saric,A (2543) Pula 2018}) 12. cxd5 {[%emt 0:15:46]} Nxd5 {[%emt 0:04:24]} 13. Nxd5 {[%emt 0:00:03]} Qxd5 {[%emt 0:00:22]} 14. Be4 {[%emt 0:03:14]} Qh5 {[%emt 0:06:46]} 15. Rc1 {[%emt 0:08:49]} Rfd8 {[%emt 0:08:19]} 16. Qe2 {[%emt 0:03:05]} Bb4 $146 {[%emt 0:02:58]} ({Predecessor:} 16... Ba8 17. a3 Bf6 18. h3 Ne7 19. Rxc8 Rxc8 20. Bxa8 Rxa8 {½-½ (43) Hottes,D (2080)-Baumbach,F (2146) Berlin 2012}) 17. Red1 {[%emt 0:17:48]} Re8 {[%emt 0:07:57]} 18. Qe3 {[%emt 0:01:43]} Ba8 {[%emt 0:10:31]} 19. Rc4 {[%emt 0:04:46]} b5 $1 {[%emt 0:00:24]} 20. Rcc1 {[%emt 0:03:09]} Bf8 {[%emt 0:05:14]} 21. a3 {[%emt 0:03:15]} Ne7 {[%emt 0:04:37]} 22. Bxa8 {[%emt 0:00:57]} Rxa8 {[%emt 0:00:09]} 23. Qg5 {[%emt 0:01:15]} Qxg5 {[%emt 0:01:20]} 24. Nxg5 {[%emt 0:00:00]} Nd5 {[%emt 0:01:20]} 25. g3 {[%emt 0:01:12]} Rec8 {[%emt 0:01:19]} 26. Rxc8 {[%emt 0:00:08]} Rxc8 {[%emt 0:00:05]} 27. Rc1 {[%emt 0:00:03]} Rxc1+ {[%emt 0:00:09]} 28. Bxc1 {[%emt 0:00:04]} Nc3 {[%emt 0:00:41]} 29. Kf1 {[%emt 0:00:40]} Be7 {[%emt 0:00:33]} 30. Nf3 {[%emt 0:00:08]} f6 {[%emt 0:00:31]} 31. Bb2 {[%emt 0:00:36]} Nd5 {[%emt 0:00:47]} 32. Ke2 {[%emt 0:00:04]} Kf7 {[%emt 0:00:11]} 33. h4 {[%emt 0:00:37]} a5 {[%emt 0:01:38]} 34. Kd3 {[%emt 0:00:27]} Kg6 {[%emt 0:02:08]} 35. Ng1 {[%emt 0:01:26]} ({White should play} 35. Nd2 $15) 35... Kf5 {[%emt 0:00:57]} 36. Ne2 {[%emt 0:01:19]} (36. Nf3 $142) 36... Kg4 {[%emt 0:00:49]} 37. Ng1 {[%emt 0:00:56]} h5 {[%emt 0:00:28]} 38. Bc1 (38. Ke2 $17) 38... f5 {[%emt 0:03:19]} 39. Bb2 $2 {[%emt 0:03:41]} (39. a4 b4 40. Bd2) 39... f4 {[%emt 0:01:05]} 40. Ne2 {[%emt 0:00:30]} Kf3 {[%emt 0:00:33]} 41. Nxf4 {[%emt 0:31:20]} (41. a4 $142 bxa4 42. bxa4) 41... Nxf4+ {[%emt 0:31:23]} 42. gxf4 {[%emt 0:00:00]} Bxh4 {[%emt 0:00:00]} 43. d5 {[%emt 0:00:00]} exd5 {[%emt 0:00:00]} 44. Bxg7 {[%emt 0:00:00]} Kxf4 {[%emt 0:00:00]} 45. Kd4 $19 {[%emt 0:00:00]} Bxf2+ {[%emt 0:00:00]} 46. Kxd5 {[%emt 0:00:00]} h4 {[%emt 0:00:00]} 47. Be5+ {[%emt 0:00:00]} Kf3 {[%emt 0:00:00]} 48. Bh2 {[%emt 0:00:00]} Kg2 {Kd4} 0-1

[Event "Schachfestival Open-A 2018"]
[Site "Lueneburg"]
[Date "2018.07.06"]
[Round "1"]
[White "Rothenberg, Jannik"]
[Black "Simantsev, Mikhail"]
[Result "0-1"]
[WhiteElo "1756"]
[BlackElo "2434"]
[Annotator "ChessBase"]
[PlyCount "110"]
[EventDate "2018.07.06"]
[EventType "swiss"]
[EventCountry "GER"]
[SourceTitle "playchess.com"]
[Source "ChessBase"]
[SourceQuality "1"]
[TimeControl "40/5400+30:1800+30"]

1. d4 {[%emt 0:00:00]} Nf6 {[%emt 0:08:06]} 2. c4 {[%emt 0:00:00]} e6 {[%emt 0:03:14]} 3. Nf3 {[%emt 0:01:04]} c5 {[%emt 0:00:50]} 4. d5 {[%emt 0:00:20]} exd5 {[%emt 0:07:04]} 5. cxd5 {[%emt 0:00:58]} Bd6 {[%emt 0:00:03]} 6. Nc3 {[%emt 0:06:38]} Bc7 {[%emt 0:01:02]} 7. e4 {[%emt 0:08:22]} d6 {[%emt 0:03:43]} 8. h3 {[%emt 0:02:39]} O-O {[%emt 0:01:25]} 9. Bd3 {[%emt 0:04:46]} a6 {[%emt 0:04:04]} 10. a4 {[%emt 0:01:48]} Nbd7 {[%emt 0:02:29]} 11. O-O {[%emt 0:02:17]} Re8 {[%emt 0:01:31]} 12. Bf4 {[%emt 0:03:55]} Nf8 {[%emt 0:06:39]} 13. Nd2 {[%emt 0:03:36]} Ng6 {[%emt 0:05:47]} 14. Bh2 {[%emt 0:01:58]} Rb8 {[%emt 0:09:56]} 15. Re1 {[%emt 0:05:15]} Ne5 {[%emt 0:04:11]} 16. Bxe5 {[%emt 0:04:14]} Rxe5 {[%emt 0:09:07]} 17. Nc4 {[%emt 0:03:17]} Re8 {[%emt 0:01:20]} 18. a5 {[%emt 0:01:48]} Nd7 {[%emt 0:09:06]} 19. f4 {[%emt 0:05:37]} b5 {[%emt 0:03:41]} 20. axb6 {[%emt 0:00:25]} Nxb6 {[%emt 0:00:07]} 21. Nxb6 {[%emt 0:09:33]} Rxb6 {[%emt 0:02:37]} 22. Qe2 {[%emt 0:02:39]} a5 {[%emt 0:07:22]} 23. Kh1 {[%emt 0:03:36]} Rb4 {[%emt 0:00:38]} 24. Ra4 {[%emt 0:09:56]} Bd7 {[%emt 0:00:30]} 25. Rxb4 {[%emt 0:01:16]} cxb4 {[%emt 0:00:37]} 26. Nb5 {[%emt 0:01:08]} Bb8 {[%emt 0:00:05]} 27. Qf2 {[%emt 0:02:57]} a4 {[%emt 0:01:11]} 28. Na7 {[%emt 0:02:29]} Bc7 {[%emt 0:05:03]} 29. Nc6 {[%emt 0:01:37]} Qa8 {[%emt 0:00:04]} 30. Rc1 {[%emt 0:01:03]} Qb7 {[%emt 0:01:10]} 31. Qc2 {[%emt 0:01:38]} a3 {[%emt 0:01:34]} 32. bxa3 {[%emt 0:00:36]} bxa3 {[%emt 0:00:01]} 33. Rb1 {[%emt 0:00:37]} Qc8 {[%emt 0:01:17]} 34. Qa4 {[%emt 0:00:26]} Bxh3 {[%emt 0:00:34]} 35. f5 {[%emt 0:02:19]} Bg4 {[%emt 0:00:13]} 36. Ba6 {[%emt 0:01:02]} Qd7 {[%emt 0:00:34]} 37. Bd3 {[%emt 0:03:32]} Bd8 {[%emt 0:00:53]} 38. Rb8 {[%emt 0:01:09]} Kf8 {[%emt 0:00:31]} 39. Qxa3 {[%emt 0:00:20]} Be7 {[%emt 0:00:29]} 40. Rxe8+ {[%emt 0:02:12]} Qxe8 {[%emt 0:00:03]} 41. Nxe7 {[%emt 0:00:34]} Qxe7 {[%emt 0:03:46]} 42. Qb4 {[%emt 0:08:54]} Qh4+ {[%emt 0:10:57]} 43. Kg1 {[%emt 0:00:01]} Qg3 {[%emt 0:00:00]} 44. Qb8+ {[%emt 0:11:34]} Ke7 {[%emt 0:00:03]} 45. Qc7+ {[%emt 0:00:13]} Kf6 {[%emt 0:00:22]} 46. Qd8+ {[%emt 0:00:08]} Ke5 {[%emt 0:00:19]} 47. Qg5 {[%emt 0:00:18]} f6 {[%emt 0:15:56]} 48. Qd2 {[%emt 0:04:28]} h5 {[%emt 0:01:45]} 49. Bb1 {[%emt 0:03:55]} h4 {[%emt 0:00:26]} 50. Kh1 {[%emt 0:01:54]} h3 {[%emt 0:00:19]} 51. Qb2+ {[%emt 0:00:13]} Kf4 {[%emt 0:00:07]} 52. Qd2+ {[%emt 0:00:05]} Qe3 {[%emt 0:00:20]} 53. Qxe3+ {[%emt 0:00:43]} Kxe3 {[%emt 0:00:02]} 54. Kh2 {[%emt 0:02:09]} hxg2 {[%emt 0:00:14]} 55. Kxg2 {[%emt 0:00:10]} Bf3+ {[%emt 0:00:01]} 0-1

[Event "Schachfestival Open-A 2018"]
[Site "Lueneburg"]
[Date "2018.07.06"]
[Round "1"]
[White "Lau, Felix"]
[Black "Malakhatko, Vadim"]
[Result "0-1"]
[WhiteElo "1534"]
[BlackElo "2499"]
[Annotator "ChessBase"]
[PlyCount "64"]
[EventDate "2018.07.06"]
[EventType "swiss"]
[EventCountry "GER"]
[SourceTitle "playchess.com"]
[Source "ChessBase"]
[SourceQuality "1"]
[TimeControl "40/5400+30:1800+30"]

1. e4 {[%emt 0:00:00]} c5 {[%emt 0:00:00]} 2. Nc3 {[%emt 0:00:00]} e6 {[%emt 0:00:02]} 3. f4 {[%emt 0:01:40]} Nc6 {[%emt 0:00:15]} 4. Bb5 {[%emt 0:00:26]} Nge7 {[%emt 0:00:16]} 5. Nf3 {[%emt 0:03:03]} a6 {[%emt 0:00:07]} 6. Bxc6 {[%emt 0:01:57]} Nxc6 {[%emt 0:00:07]} 7. O-O {[%emt 0:05:37]} Be7 {[%emt 0:05:26]} 8. d3 {[%emt 0:03:58]} O-O {[%emt 0:00:18]} 9. Qe1 {[%emt 0:02:53]} b5 {[%emt 0:02:22]} 10. Qg3 {[%emt 0:10:41]} d5 {[%emt 0:03:03]} 11. Ne5 {[%emt 0:04:00]} Nd4 {[%emt 0:02:19]} 12. Qf2 Bb7 13. exd5 {[%emt 0:05:33]} exd5 {[%emt 0:07:33]} 14. Be3 Nxc2 {[%emt 0:04:21]} 15. Qxc2 {[%emt 0:03:10]} d4 {[%emt 0:00:08]} 16. Nxb5 {[%emt 0:07:15]} axb5 {[%emt 0:03:20]} 17. Bc1 Qd5 {[%emt 0:00:36]} 18. b3 {[%emt 0:02:20]} Rfe8 {[%emt 0:02:14]} 19. a4 {[%emt 0:02:44]} f6 {[%emt 0:00:58]} 20. Nf3 {[%emt 0:00:53]} Bd6 {[%emt 0:00:08]} 21. Bd2 {[%emt 0:07:07]} Bc6 {[%emt 0:04:03]} 22. Rfc1 {[%emt 0:07:33]} Re2 {[%emt 0:01:25]} 23. Qd1 {[%emt 0:01:59]} Rae8 {[%emt 0:05:34]} 24. Kf1 {[%emt 0:00:22]} R2e7 {[%emt 0:02:32]} 25. Qc2 {[%emt 0:01:32]} Qh5 {[%emt 0:01:08]} 26. Qd1 {[%emt 0:07:16]} Qf5 {[%emt 0:00:17]} 27. Ne1 {[%emt 0:05:59]} Bxf4 {[%emt 0:03:06]} 28. Bxf4 {[%emt 0:02:28]} Qxf4+ {[%emt 0:00:13]} 29. Nf3 {[%emt 0:03:42]} Re3 30. Rxc5 Bxf3 {[%emt 0:01:03]} 31. gxf3 {[%emt 0:00:32]} Qxh2 {[%emt 0:00:22]} 32. Rc2 {[%emt 0:02:54]} Re1+ {[%emt 0:00:35]} 0-1

[Event "Schachfestival Open-A 2018"]
[Site "Lueneburg"]
[Date "2018.07.06"]
[Round "2"]
[White "Vorobiov, Evgeny E"]
[Black "Keyser, Robin"]
[Result "1-0"]
[WhiteElo "2564"]
[BlackElo "2108"]
[Annotator "TA"]
[PlyCount "75"]
[EventDate "2018.07.06"]
[EventType "swiss"]
[EventCountry "GER"]
[SourceTitle "playchess.com"]
[Source "ChessBase"]
[SourceQuality "1"]

{[%evp 13,75,43,54,47,53,33,22,14,23,20,18,0,44,14,51,48,46,48,62,51,51,48,50,37,52,52,62,57,56,56,78,61,93,68,97,66,67,67,66,26,27,25,35,35,43,45,51,55,62,50,153,50,50,50,48,28,29987,630,604,629,612,597,610,593]} 1. d4 {Kaspi,A} g6 2. e4 Bg7 3. Nf3 d6 4. Bc4 a6 5. O-O e6 6. Qe2 {B06: Modern Defence} Ne7 7. c3 (7. Bb3 O-O 8. Re1 Nd7 9. Nbd2 b5 10. Nf1 c5 11. c3 cxd4 12. cxd4 Nc6 13. Be3 {1-0 (63) Grigoriants,S (2576)-Nakamura,H (2786) chess.com INT 2017}) 7... Nd7 {LiveBook: 3 Games} 8. Re1 {White is slightly better.} O-O 9. Bg5 $146 ({Predecessor:} 9. a4 b6 10. Bf4 e5 11. dxe5 dxe5 12. Bg3 Bb7 13. Na3 Nc8 14. Rad1 {0-1 (41) De la Villa Garcia,J (2500)-Krasenkow,M (2655) Pamplona 1999 CBM 069 [Kaspi,A]}) 9... h6 10. Bh4 g5 11. Bg3 Ng6 12. h3 e5 13. Na3 {[%cal Bb1a3,Ba3c2,Bc2e3][%mdl 32]} Qe8 14. Nc2 Nf6 {[%cal Bd7f6,Bf6h5,Bh5f4][%mdl 32]} 15. Bd3 Nh5 16. Ne3 Ngf4 17. Bxf4 Nxf4 18. Qc2 Qd8 19. Bf1 Qf6 20. dxe5 dxe5 21. Nh2 Re8 22. Rad1 Qg6 23. Nf5 Bf8 24. g3 Nh5 25. Ng4 Nf6 26. Bg2 Nxg4 27. hxg4 Qb6 28. Ne3 c6 29. Bf1 Bc5 30. Nf5 Bxf5 31. exf5 {And now f6 would win.} a5 {[#]} (31... Rad8 $14) 32. Bc4 (32. f6 $1 $16) 32... Rad8 $14 33. Kg2 {f6 is the strong threat.} Qc7 34. f6 $40 {[%mdl 128] White wants to mate with Qg6+. White mounts an attack.} Kh8 $2 {[%mdl 8192]} (34... e4 $11) 35. Rxd8 (35. Rh1 $142 Bf8 36. Rxd8 Rxd8 37. Qf5 e4 38. Qxg5 Kh7 39. Bb3 Re8 40. Qh5) 35... Rxd8 $18 {White is clearly winning.} 36. Rh1 Bf8 37. Qf5 Qd7 {intending ...Qxf5.} 38. Qxg5 {Precision: White = 48%, Black = 44%.} 1-0

[Event "Schachfestival Open-A 2018"]
[Site "Lueneburg"]
[Date "2018.07.06"]
[Round "2"]
[White "Malakhatko, Vadim"]
[Black "Jolowicz, Matias"]
[Result "1-0"]
[WhiteElo "2499"]
[BlackElo "2100"]
[Annotator "ChessBase"]
[PlyCount "61"]
[EventDate "2018.07.06"]
[EventType "swiss"]
[EventCountry "GER"]
[SourceTitle "playchess.com"]
[Source "ChessBase"]
[SourceQuality "1"]
[TimeControl "40/5400+30:1800+30"]

1. c4 {[%emt 0:00:00]} Nf6 {[%emt 0:00:00]} 2. Nf3 {[%emt 0:00:10]} g6 {[%emt 0:00:00]} 3. Nc3 {[%emt 0:00:07]} Bg7 {[%emt 0:00:00]} 4. e4 {[%emt 0:00:08]} d6 {[%emt 0:00:02]} 5. d4 {[%emt 0:00:06]} O-O {[%emt 0:00:03]} 6. Be2 {[%emt 0:00:11]} Na6 {[%emt 0:00:08]} 7. O-O {[%emt 0:00:27]} e5 {[%emt 0:00:05]} 8. Be3 {[%emt 0:00:58]} Ng4 {[%emt 0:01:51]} 9. Bg5 {[%emt 0:04:20]} Qe8 {[%emt 0:02:53]} 10. h3 {[%emt 0:00:22]} exd4 {[%emt 0:00:09]} 11. Nxd4 {[%emt 0:00:10]} Ne5 {[%emt 0:00:24]} 12. Ndb5 {[%emt 0:10:40]} h6 {[%emt 0:04:19]} 13. Be3 {[%emt 0:00:17]} Be6 {[%emt 0:04:01]} 14. Nd5 {[%emt 0:03:51]} Qd8 {[%emt 0:01:01]} 15. f4 {[%emt 0:00:55]} Nd7 {[%emt 0:01:00]} 16. f5 {[%emt 0:00:21]} Bxd5 {[%emt 0:00:08]} 17. cxd5 {[%emt 0:00:05]} Nac5 {[%emt 0:00:59]} 18. Qc2 {[%emt 0:05:25]} a6 {[%emt 0:02:41]} 19. Nd4 {[%emt 0:00:48]} Qh4 {[%emt 0:02:35]} 20. Rf4 {[%emt 0:32:25]} Qg3 {[%emt 0:00:49]} 21. Qd2 {[%emt 0:01:06]} Be5 {[%emt 0:06:07]} 22. Nf3 {[%emt 0:02:37]} Nf6 {[%emt 0:04:41]} 23. Nxe5 {[%emt 0:04:29]} Ncxe4 {[%emt 0:03:01]} 24. Nd7 {[%emt 0:10:40]} Nxd2 {[%emt 0:01:20]} 25. Nxf6+ {[%emt 0:04:03]} Kg7 {[%emt 0:00:29]} 26. Bd4 {[%emt 0:01:57]} Qxf4 {[%emt 0:01:29]} 27. Nh5+ {[%emt 0:00:06]} Kh7 {[%emt 0:00:14]} 28. Nxf4 {[%emt 0:00:07]} Rae8 {[%emt 0:01:02]} 29. Bd3 {[%emt 0:00:50]} Ne4 {[%emt 0:00:11]} 30. fxg6+ {[%emt 0:00:12]} fxg6 {[%emt 0:00:02]} 31. Ne6 {[%emt 0:00:16]} 1-0